| 000 | 00712nam a22002297a 4500 | ||
|---|---|---|---|
| 999 |
_c9267 _d9267 |
||
| 003 | AR-CdUCM | ||
| 008 | 190327b ||||| |||| 00| 0 spa d | ||
| 040 |
_aMUNICIPALIDAD PROVINCIAL DEL CUSCO _cBIBLIOTECA MUNICIPAL DEL CUSCO |
||
| 082 |
_a869.335 / _bN44 |
||
| 100 |
_aNeruda, Pablo _92359 |
||
| 110 |
_aCantos ceremoniales / _925363 |
||
| 245 | _aCantos ceremoniales / | ||
| 260 |
_aBuenos Aires : _bLosada, _c1961. |
||
| 300 |
_a102 páginas ; _c17 cm. |
||
| 500 | _aDonación familia Nieto | ||
| 505 | _aContenido: Poetas de ayer y de hoy. | ||
| 650 |
_aPoetas de ayer y de hoy _925364 |
||
| 650 |
_aPoemas chilenos _925026 |
||
| 650 |
_aLatinoamericano _914623 |
||
| 942 |
_2ddc _cLIBROS |
||
| 945 | _adavv | ||